特定地方交通線の起点・終点駅 - Statistics

General Stats
  • This quiz has been taken 38 times
  • The average score is 113 of 172
Answer Stats
路線名 駅名 % Correct
久慈線 久慈
97%
宮古線 宮古
97%
盛線
97%
白糠線 白糠
93%
清水港線 清水
93%
黒石
93%
倉吉線 倉吉
90%
添田
90%
甘木
90%
角館線 角館
90%
信楽
90%
若桜
90%
| 大隅線 志布志
90%
北見
90%
田川後藤寺
90%
神岡
87%
小松島
87%
高森
87%
丸森
87%
士幌線 | 広尾線 帯広
87%
佐賀線 佐賀
87%
歌志内
87%
名寄本線 名寄
87%
高千穂
87%
樽見線 大垣
83%
高砂
83%
三木
83%
岩内
83%
美幸線 美深
83%
明知
83%
信楽線 貴生川
83%
若桜線 郡家
83%
越美南線 美濃太田
83%
広尾
83%
松前
83%
歌志内線 砂川
83%
池北線 池田
83%
能登線 穴水
83%
中村
83%
明知線 恵那
80%
胆振線 伊達紋別
80%
阿仁合線 鷹ノ巣
80%
瀬棚
80%
羽幌線 留萌
80%
中標津
80%
真岡線 下館
80%
茂木
80%
高千穂線 延岡
80%
宮津線 西舞鶴
80%
大社線 出雲市
80%
大社
80%
田川伊田
80%
興浜北線 浜頓別
77%
興浜南線 興部
77%
倶知安
77%
北濃
77%
松前線 木古内
77%
南稚内
77%
遠軽
77%
湧別
77%
会津線 西若松
77%
長井線 赤湯
77%
豊岡
77%
中村線 窪川
77%
湯前線 人吉
77%
湯前
77%
神岡線 猪谷
73%
高砂線 加古川
73%
相生線 美幌
73%
北条線 粟生
73%
北条町
73%
大畑
73%
矢島線 羽後本荘
73%
二俣線 掛川
73%
新所原
73%
網走
73%
幌延
73%
天北線 音威子府
73%
足尾線 桐生
73%
田川線 行橋
73%
日中線 喜多方
70%
大畑線 下北
70%
雄武
70%
高森線 立野
70%
70%
佐世保
70%
岡多線 岡崎
70%
蛸島
70%
伊田線 直方
70%
北見相生
67%
渚滑線 渚滑
67%
室木
67%
丸森線 槻木
67%
宮之城線 川内
67%
国分
67%
伊勢線 河原田
67%
幌内
67%
根室標津
67%
会津高原
67%
錦町
67%
鍛冶屋
67%
北進
63%
黒石線 川部
63%
三木線 厄神
63%
北見枝幸
63%
甘木線 基山
63%
上総中野
63%
富内線 鵡川
63%
| 湧網線 中湧別
63%
標津線 標茶
63%
岩日線 川西
63%
香月
60%
木原線 大原
60%
瀬棚線 国縫
60%
松浦線 有田
60%
荒砥
60%
妻線 佐土原
57%
矢部線 羽犬塚
57%
厚床
57%
田老
53%
熱塩
53%
岩内線 小沢
53%
幌内線 岩見沢
53%
糸田線 金田
53%
北見滝ノ上
50%
万字炭山
50%
香月線 中間
50%
志布志線 西都城
50%
山野線 水俣
50%
上山田線 飯塚
50%
普代
47%
赤谷線 新発田
47%
魚沼線 来迎寺
47%
三保
47%
勝田線 吉塚
47%
筑前勝田
47%
仁宇布
47%
薩摩大口
47%
日高町
43%
瀬高
43%
三笠
43%
新豊田
43%
東赤谷
40%
小松島線 中田
40%
羽後矢島
40%
十勝三股
40%
筑前宮田
40%
室木線 遠賀川
33%
栗野
33%
鍛冶屋線 野村
33%
西小千谷
30%
美濃神海
30%
万字線 志文
30%
山守
30%
黒木
30%
下山田
30%
幾春別
30%
豊前川崎
30%
宮原線 恵良
27%
肥後小国
27%
添田線 香春
27%
松葉
27%
足尾本山
27%
杉安
23%
吉浜
20%
比立内
17%
宮田線 勝野
13%
漆生線 下鴨生
10%
No matching quizzes found
Score Distribution
Percent of People with Each Score
Percentile by Number Answered
Your Score History
You have not taken this quiz